000 01131nam a2200265 a 4500
001 000011119
005 20240412074223.0
008 091014s190u dr 000 p spa d
040 _aDO-SdBNP
_bspa
_cBNPHU
082 _aRD861.42
_bS197d
100 1 _aSanabia, Rafael Emilio
_926438
245 1 0 _aDel exilio /
_cRafael Emilio Sanabia; prólogo Víctor M. de Castro.
260 _aSanto Domingo :
_bArte y Cine,
_c[19--].
300 _a35 p. ;
_c23 cm.
505 0 _tContiene : Tres cantos heróicos a una raza extinguida --
_tLos clarines triunfales --
_tNostalgia de la patria (Desde el ostracismo).
563 _aTres obras publicadas juntas con paginación contínua.
650 0 _aPoesía dominicana
_966
650 0 _aLiteratura dominicana.
_967
700 1 2 _aSanabia, Rafael Emilio.
_tTres cantos heróicos a una raza extinguida.
_926629
700 1 2 _aSanabia, Rafael Emilio.
_tLos clarines triunfales.
_926630
700 1 2 _aSanabia, Rafael Emilio.
_tNostalgia de la patria (Desde el ostracismo)
_926631
700 1 2 _aCastro, Víctor M. de.
_epról.
_926632
910 _aValidado. Control de calidad MFF
049 _aBNPD
999 _c10844
_d10844